Guide to Plant Pathogenic Bacteria (Record no. 14206)
[ view plain ]
| 000 -LEADER | |
|---|---|
| fixed length control field | 00447nam a22001697a 4500 |
| 003 - CONTROL NUMBER IDENTIFIER | |
| control field | OSt |
| 005 - DATE AND TIME OF LATEST TRANSACTION | |
| control field | 20211021155743.0 |
| 008 - FIXED-LENGTH DATA ELEMENTS--GENERAL INFORMATION | |
| fixed length control field | 211021b |||||||| |||| 00| 0 eng d |
| 020 ## - INTERNATIONAL STANDARD BOOK NUMBER | |
| International Standard Book Number | 0851985572 |
| 040 ## - CATALOGING SOURCE | |
| Transcribing agency | hu |
| 082 ## - DEWEY DECIMAL CLASSIFICATION NUMBER | |
| Classification number | 571.9`293 |
| 100 ## - MAIN ENTRY--PERSONAL NAME | |
| Personal name | BRADBURY J.F. |
| 9 (RLIN) | 14945 |
| 245 ## - TITLE STATEMENT | |
| Title | Guide to Plant Pathogenic Bacteria |
| 260 ## - PUBLICATION, DISTRIBUTION, ETC. | |
| Place of publication, distribution, etc. | uk |
| Name of publisher, distributor, etc. | cab international mycological institute |
| Date of publication, distribution, etc. | 1986 |
| 300 ## - PHYSICAL DESCRIPTION | |
| Extent | xviii, 332 p |
| Other physical details | pc |
| Dimensions | 26 |
| 942 ## - ADDED ENTRY ELEMENTS (KOHA) | |
| Source of classification or shelving scheme | Dewey Decimal Classification |
| Koha item type | Books like text book referance book |
| Suppress in OPAC | No |
| Withdrawn status | Lost status | Source of classification or shelving scheme | Damaged status | Not for loan | Collection code | Home library | Current library | Shelving location | Date acquired | Total Checkouts | Full call number | Barcode | Date last seen | Copy number | Price effective from | Koha item type |
|---|---|---|---|---|---|---|---|---|---|---|---|---|---|---|---|---|
| Dewey Decimal Classification | Reference | Wondo Genet Library | Wondo Genet Library | General Stacks | 10/21/2021 | 571.9`293 BRA 1986 | WGCFNRL00005860 | 10/21/2021 | 1 | 10/21/2021 | Books like text book referance book | |||||
| Dewey Decimal Classification | Reference | Wondo Genet Library | Wondo Genet Library | General Stacks | 10/21/2021 | 571.9`293 BRA 1986 | WGCFNRL00005861 | 10/21/2021 | 2 | 10/21/2021 | Books like text book referance book |